zpět

Detail výsledku týmu

Burgr's Club, Lednice

Datum a čas kvízu

26 Celkem bodů Celkový počet nahraných bodů na tomto kvízu bez doplňovacích otázek.
4. Pořadí na kvízu Konečné umístění týmu na tomto kvízu.

Zaznamenané odpovědi

# Otázka Odpověď Body Výsledky
1. Společnost Czech News Center,... Oldřich Kaiser 1
2. Larry, kocour s oficiální hodn... C) lišku 0
3. Partner Hospodského kvízu, poř... Zora Jandová 1
4. Elon Musk nepřestává udivovat... parfém 0
5. Středeční vyřazení Viktorie Pl... Berlín 1
6. Lebka člověka se skládá z 22 k... kost spánková 1
7. Jak se jmenuje herec, který zt... Samuel L. Jackson 0
8. Na fotografii vidíte lebku: A)... C) člověka vzpřímeného 0
9. Jak se nazývá firma, která vyr... Skullcandy 0
10. Která hudební skupina stojí za... Vypsaná Fixa 0